000
00325nam a22001457a 4500
008
210511b ||||| |||| 00| 0 eng d
020
_a
2900824806551
041
_a
eng
080
_a
82
082
_a
82
100
_a
21
101
_a
GJL
245
_a
Rickshaw the novel Lo-t' o Hsiang Tzu
_c
James,J,M
942
_2
udc
_c
BK
999
_c
57194
_d
57194